000 00599nam a2200169 i 4500
001 46578
003 ES-MaACL
005 20230906161418.0
007 t|
008 030331s1930 fr ||||1| fre d
111 2 _aCongrés Français de Chirurgie.
_9236
245 1 0 _aCongrés Français de Chirurgie, 38 et 39 session, Paris 1929-1930
_b: proces verbaux, memoires et discussion /
_cpubliés sous la direction de Raymond Gregoire.
260 _aParis :
_bCoulommiers :
_bPaul Brodard,
_c1930.
300 _a2 v. ;
_c24 cm.
700 0 _aGrégoire, Raymond.
_959884
852 _aES-MaACL
_jB-11200-201
999 _c46578
_d46578